Report of the Executive Committee 1981-82 and Proceedings of the General Assembly The Bahamas,1982 (Record no. 2095)
[ view plain ]
| 000 -LEADER | |
|---|---|
| fixed length control field | 00352nam a22001097a 4500 |
| 008 - FIXED-LENGTH DATA ELEMENTS--GENERAL INFORMATION | |
| fixed length control field | 230621b xxu||||| |||| 00| 0 eng d |
| 082 ## - DEWEY DECIMAL CLASSIFICATION NUMBER | |
| Classification number | 328.3 |
| Item number | CPA |
| 245 ## - TITLE STATEMENT | |
| Title | Report of the Executive Committee 1981-82 and Proceedings of the General Assembly The Bahamas,1982 |
| 260 ## - PUBLICATION, DISTRIBUTION, ETC. (IMPRINT) | |
| Place of publication, distribution, etc. | UK |
| Name of publisher, distributor, etc. | Commonwealth Parliamentary Association |
| 300 ## - PHYSICAL DESCRIPTION | |
| Extent | 129p |
| 942 ## - ADDED ENTRY ELEMENTS (KOHA) | |
| Source of classification or shelving scheme | Dewey Decimal Classification |
| Koha item type | Books |
| Withdrawn status | Lost status | Source of classification or shelving scheme | Damaged status | Not for loan | Home library | Current library | Date acquired | Total Checkouts | Full call number | Barcode | Date last seen | Price effective from | Koha item type |
|---|---|---|---|---|---|---|---|---|---|---|---|---|---|
| Dewey Decimal Classification | County Hall Archives | County Hall Archives | 06/21/2023 | 328.3 CPA | 10007981 | 06/21/2023 | 06/21/2023 | Books |
